| 000 | 01210cam a2200145 4500500 | ||
|---|---|---|---|
| 005 | 20251214002024.0 | ||
| 041 | _afre | ||
| 042 | _adc | ||
| 100 | 1 | 0 |
_aLaurent, Éloi _eauthor |
| 700 | 1 | 0 |
_aLe Cacheux, Jacques _eauthor |
| 245 | 0 | 0 | _aÉconomie de l'environnement et économie écologique : Les nouveaux chemins de la prospérité |
| 260 |
_bArmand Colin,
_c2015. |
||
| 520 | _aCe manuel inédit rapproche l’analyse économique et le monde naturel.Cette 2e éditionactualise les grandes notions développées en matière d’économie de l’environnement et étudieles avancées contemporaines de l’économie écologique.Elle montre commentcombiner le maintien d’un environnement vivable, le développement économique et une organisation sociale équitable. EIle présente les méthodesde valorisation économique des écosystèmes et de la biodiversité ettraite de la question de la justice et des inégalités environnementales. Cette 2e édition présente les enjeux de la Conférence climat de Paris qui se dérouleraà partir de novembre 2015. | ||
| 856 | 4 | 1 | _uhttps://shs.cairn.info/economie-de-l-environnement-et-economie-ecologique--9782200611767?lang=fr&redirect-ssocas=7080 |
| 999 |
_c1566690 _d1566690 |
||